Sinh thái học hệ sinh thái

Giới thiệu những nguyên lý cơ bản trong cấu trúc, hoạt động chức năng của các thành phần cấu tạo nên hệ sinh thái cũng như toàn bộ hệ thống để hệ tồn tại và phát triển bền vững trong suốt quá trình tiến hóa....

Descripció completa

Guardat en:
Dades bibliogràfiques
Autor principal: Vũ, Trung Tạng
Format: Llibre
Idioma:Undetermined
Publicat: H. Giáo dục 2008
Matèries:
Accés en línia:http://lrc.tdmu.edu.vn/opac/search/detail.asp?aID=2&ID=7802
Etiquetes: Afegir etiqueta
Sense etiquetes, Sigues el primer a etiquetar aquest registre!
Thư viện lưu trữ: Trung tâm Học liệu Trường Đại học Thủ Dầu Một
LEADER 00959nam a2200205Ia 4500
001 TDMU_7802
008 210410s9999 xx 000 0 und d
082 |a 577.071 
090 |b V500 
100 |a Vũ, Trung Tạng 
245 0 |a Sinh thái học hệ sinh thái 
245 0 |c Vũ Trung Tạng 
260 |a H. 
260 |b Giáo dục 
260 |c 2008 
300 |a 215 tr. 
520 |a Giới thiệu những nguyên lý cơ bản trong cấu trúc, hoạt động chức năng của các thành phần cấu tạo nên hệ sinh thái cũng như toàn bộ hệ thống để hệ tồn tại và phát triển bền vững trong suốt quá trình tiến hóa. 
650 |a Sinh thái học  |v Giáo trình, Sinh học môi trường 
856 |u http://lrc.tdmu.edu.vn/opac/search/detail.asp?aID=2&ID=7802 
980 |a Trung tâm Học liệu Trường Đại học Thủ Dầu Một